[Event "URS-FL"]
[Site "Baku"]
[Date "1977.??.??"]
[Round "17"]
[White "Petrushin, Alexander I"]
[Black "Kochyev, Alexander"]
[Result "1/2-1/2"]
[WhiteElo "2345"]
[BlackElo "2490"]

1.e4 c5 2.Nf3 e6 3.d4 cxd4 4.Nxd4 Nc6 5.Nc3 d6 6.Be2 Nf6 7.Be3 Be7 8.O-O O-O
9.f4 Bd7 10.Qe1 Nxd4 11.Bxd4 Bc6 12.Qg3 g6 13.Bf3 Nd7 14.Kh1 e5 15.fxe5 Bh4
16.Qf4 Bg5  1/2-1/2

[Event "Biel"]
[Site "Biel"]
[Date "1977.??.??"]
[Round "6"]
[White "Torre, Eugenio"]
[Black "Hug, Werner"]
[Result "1/2-1/2"]
[WhiteElo "2550"]
[BlackElo "2445"]

1.e4 c5 2.Nf3 e6 3.d4 cxd4 4.Nxd4 Nc6 5.Nc3 Qc7 6.Be2 Nf6 7.O-O a6 8.Kh1 Bb4
9.Nxc6 bxc6 10.Qd4 c5 11.Qe3 Bb7 12.e5 Bxc3 13.Qxc3 Nd5 14.Qg3 Ne7 15.Bg4 O-O
16.Bg5 Ng6 17.Rae1 Rac8 18.f4 h6 19.Bh4 Nxh4 20.Qxh4 f6 21.f5 exf5 22.Bxf5 fxe5
23.Qg4 Rf6 24.Bxd7 Rcf8 25.Rxf6 Rxf6 26.Rd1 Rf2 27.Qc4+ Kh7 28.Qd3+ e4 29.Qe3 Rf6
30.Kg1 Qe5 31.b3 Qh5 32.Rd2 Qf7 33.Rd1 Qh5 34.Rd2 Qf7 35.Rd1  1/2-1/2

[Event "Tungsram"]
[Site "Budapest"]
[Date "1977.??.??"]
[Round "?"]
[White "Rajna, George"]
[Black "Schmidt, Wlodzimierz"]
[Result "1/2-1/2"]
[WhiteElo "2395"]
[BlackElo "2490"]

1.e4 c5 2.Nf3 e6 3.d4 cxd4 4.Nxd4 Nc6 5.Nc3 a6 6.Be3 Qc7 7.Bd3 Nf6 8.O-O Ne5
9.h3 Bc5 10.Qe2 d6 11.f4 Ng6 12.Nb3 Bxe3+ 13.Qxe3 O-O 14.Rae1 b5 15.Kh1 Bb7
16.a3 Rae8 17.Qg3  1/2-1/2

[Event "HUN-ch"]
[Site "Budapest"]
[Date "1977.??.??"]
[Round "?"]
[White "Perenyi, Bela"]
[Black "Barczay, Laszlo"]
[Result "1-0"]
[WhiteElo "2270"]
[BlackElo "2470"]

1.e4 c5 2.Nf3 e6 3.d4 cxd4 4.Nxd4 Nc6 5.Nc3 a6 6.Be3 Qc7 7.f4 b5 8.Nxc6 Qxc6
9.Be2 Ba3 10.Bd4 Bxb2 11.Nxb5 axb5 12.Bxb2 Qxe4 13.Bxg7 Qxg2 14.Bf3 Qxg7
15.Bxa8 Qc3+ 16.Ke2 Ba6 17.Qd3 Qc8 18.Qd4 Qxa8 19.Qxh8 Qe4+ 20.Kd2 Qxf4+
21.Kc3 Qc4+ 22.Kb2 Qb4+ 23.Kc1 Qf4+ 24.Kb1 Ke7 25.Qc3 Nf6 26.Kb2 Nd5 27.Raf1 Qb8
28.Qc5+ d6 29.Qf2 Qh8+ 30.c3 Qxc3+ 31.Kb1 Qb4+ 32.Ka1 Qc3+ 33.Qb2 Qxb2+ 34.Kxb2 f5
35.Rhg1 Kf6 36.Rf3 h5 37.Ra3 Bb7 38.Ra7 Bc6 39.Ra6 Bb7 40.Ra7 Bc6 41.Rc1 Be8
42.Rc8 Bg6 43.Rf8+ Kg5 44.Rg7 h4 45.a3 Nf6 46.Re7 e5 47.Re6 Ne4 48.Rg8 Nf6
49.Rf8 Ne4 50.Kc1 f4 51.Kd1 Bh5+ 52.Ke1 f3 53.h3 f2+ 54.Rxf2 Nxf2 55.Kxf2 Bg6
56.Rxd6 Bf5 57.Rd5 Kf4 58.Rxb5 Bxh3 59.a4 e4 60.a5 e3+ 61.Kg1 Bc8 62.Rb8 Ba6
63.Rb6 Bd3 64.a6 Kf3 65.Rf6+ Ke2 66.a7 Be4 67.Rf4 Bb7 68.Rxh4 Ke1 69.Rh8 e2
70.a8=Q Bxa8 71.Rxa8  1-0

[Event "HUN-ch"]
[Site "Budapest"]
[Date "1977.??.??"]
[Round "?"]
[White "Rigo, Janos"]
[Black "Barczay, Laszlo"]
[Result "1/2-1/2"]
[WhiteElo "2200"]
[BlackElo "2470"]

1.e4 c5 2.Nf3 e6 3.d4 cxd4 4.Nxd4 Nc6 5.Nc3 a6 6.Be2 Qc7 7.O-O Nf6 8.a4 Bb4
9.Nxc6 dxc6 10.Bd2 O-O 11.f3 e5 12.Bc4 b5 13.axb5 cxb5 14.Bb3 Bb7 15.Kh1 Rfd8
16.Qe1 Rac8 17.Rd1 Rd4 18.Qg3 Rcd8 19.Bg5 Be7 20.Rxd4 Rxd4 21.Be3 Rd7 22.Qf2 Bc6
23.Ra1 Bb4 24.Nd1 Bb7 25.Qe2 Bc5 26.Nf2 Bxe3 27.Qxe3 a5 28.c3 a4 29.Bc2 Rd6
30.Nd3 Nd7 31.Nb4 Nc5 32.Rd1 h6 33.h3 Rxd1+ 34.Bxd1 Na6 35.Nxa6 Bxa6 36.Be2 Kh7
37.Kg1 f6 38.Kf2 b4 39.Bxa6 a3 40.bxa3 bxa3 41.Qe2 Qxc3 42.Bc4 h5 43.g3 g5
44.Kg2 h4 45.gxh4 gxh4 46.Bd5 Kh6 47.Qf2 Kg5 48.Kh2 Qb2 49.Kg2 Qc1 50.Ba2 f5
51.exf5 Kxf5 52.Bd5 Qg5+ 53.Kf1 Qc1+ 54.Kg2 Qg5+ 55.Kh2 Qf4+ 56.Kg1 Qc1+
57.Kg2  1/2-1/2

[Event "Tungsram"]
[Site "Budapest"]
[Date "1977.??.??"]
[Round "?"]
[White "Ostojic, Predrag"]
[Black "Bronstein, David I"]
[Result "1/2-1/2"]
[WhiteElo "2480"]
[BlackElo "2560"]

1.e4 c5 2.Nf3 Nc6 3.d4 cxd4 4.Nxd4 e6 5.Nc3 a6 6.Be2 Nge7 7.Nb3 b5 8.a3 Ng6
9.O-O Be7 10.f4 O-O 11.e5 d6 12.exd6 Bxd6 13.Be3 Qc7 14.g3 Nge7 15.Bf3 Rb8
16.Bf2 Rd8 17.Qc1 f5 18.Bg2 e5 19.fxe5 Nxe5 20.Bd4 N7c6 21.Bc5 Ne7 22.Bxd6 Rxd6
23.Qe1 Nc4 24.Nd5 Qa7+ 25.Rf2 Re6 26.Qc3 Bb7 27.Qd4 Qxd4 28.Nxd4 Re5 29.Nxe7+ Rxe7
30.Nxf5 Re5 31.Bxb7 Rxb7 32.b3 Nb6 33.Rd1 Nd5 34.c4 bxc4 35.bxc4 Nf6 36.Rd8+ Re8
37.Rxe8+ Nxe8 38.c5 Rc7 39.c6 Nf6 40.Rb2 Kf7 41.Rb6 Ke6 42.Ne3 a5 43.Ra6 Ne4
44.Nc2 Kd6 45.Nd4 Kd5 46.Nf5 Rf7 47.Rxa5+ Kxc6 48.Nd4+ Kd6 49.a4 Nc5 50.Ra8 Rb7
51.a5 Kd5 52.Rd8+ Kc4 53.Nf5 Ra7 54.Nd6+ Kb4 55.Rb8+ Ka4 56.Rb5 Rxa5 57.Rb2 Ra6
58.Ne8 g6 59.Ra2+ Kb4 60.Rxa6 Nxa6 61.Nf6 h6 62.Nd7 Kc4 63.Ne5+ Kd5 64.Nxg6 Ke6
65.Kg2 Nc5 66.Kf3 Kf5 67.Ne7+ Kf6 68.Nd5+ Ke5 69.Nf4 Kf5 70.h4 Nd7 71.g4+ Ke5
72.Nh5 Nf8 73.Nf4  1/2-1/2

[Event "ITA-ch38"]
[Site "Castelvecchio Pascoli"]
[Date "1977.??.??"]
[Round "9"]
[White "Trabattoni, Franco"]
[Black "Zichichi, Alvise"]
[Result "1-0"]
[WhiteElo "2265"]
[BlackElo "2350"]

1.e4 c5 2.Nf3 e6 3.d4 cxd4 4.Nxd4 Nc6 5.Nc3 a6 6.g3 d6 7.Bg2 Bd7 8.O-O Qc7
9.Re1 Be7 10.Nxc6 bxc6 11.Na4 Rb8 12.b3 c5 13.Nb2 Bf6 14.Rb1 Rd8 15.Bf4 Be5
16.Bxe5 dxe5 17.Qg4 Kf8 18.Rbd1 Nf6 19.Qf3 Ke7 20.Qe3 h6 21.a4 Be8 22.Rd3 Rd4
23.c3 Rd7 24.Rxd7+ Bxd7 25.Bf1 Rb8 26.Bc4 Ne8 27.Nd3 Nd6 28.Nxc5 Nxc4 29.bxc4 Rc8
30.Nxd7 Qxd7 31.Qb6 Qxa4 32.Qb7+ Qd7 33.Qxa6 Qc6 34.Qa7+ Qc7 35.Ra1 Qxa7
36.Rxa7+ Kf6 37.Ra4 Rb8 38.c5 Rb5 39.Rc4 Ke7 40.c6 Kd8 41.c7+ Kc8 42.Kg2 Rb1
43.Kf3 Re1 44.Rc6 g5 45.Rc5 f6 46.g4 Rg1 47.Rc6 h5 48.gxh5 g4+ 49.Ke2 Rg2
50.Rxe6 Rxh2 51.Rxf6 g3 52.Rf7 Kb7 53.h6 gxf2 54.h7  1-0

[Event "ITA-ch38"]
[Site "Castelvecchio Pascoli"]
[Date "1977.??.??"]
[Round "13"]
[White "Mariotti, Sergio"]
[Black "Zichichi, Alvise"]
[Result "1-0"]
[WhiteElo "2490"]
[BlackElo "2350"]

1.e4 c5 2.Nf3 e6 3.d4 cxd4 4.Nxd4 Nc6 5.Nc3 a6 6.Bf4 d6 7.Bg3 Qc7 8.Be2 Bd7
9.Nb3 Ne5 10.a4 Be7 11.O-O Nf6 12.f4 Nc4 13.Qd4 Rc8 14.e5 Nd5 15.Nxd5 exd5
16.e6 fxe6 17.Qxg7 Rf8 18.f5 exf5 19.Bh5+ Kd8 20.Bh4  1-0

[Event "CSR-ch int"]
[Site "Decin"]
[Date "1977.??.??"]
[Round "6"]
[White "Prandstetter, Eduard"]
[Black "Plachetka, Jan"]
[Result "1-0"]
[WhiteElo "2385"]
[BlackElo "2455"]

1.e4 c5 2.Nf3 e6 3.d4 cxd4 4.Nxd4 Nc6 5.Nc3 d6 6.Be3 Nf6 7.Bd3 Be7 8.Nb3 a6
9.f4 e5 10.f5 d5 11.Nxd5 Nxd5 12.exd5 Qxd5 13.Qg4 Nb4 14.O-O-O g6 15.Be4 Qc4
16.Bc5 b5 17.Bxe7 Kxe7 18.Na5 Qc7 19.a3 Qxa5 20.Bxa8 Bxf5 21.Qh4+ f6 22.Be4 Be6
23.Rhf1 Na2+ 24.Kb1 Rf8 25.Qf2 f5 26.Qc5+ Kf7 27.Bd5  1-0

[Event "SVK-ch"]
[Site "Detva"]
[Date "1977.??.??"]
[Round "6"]
[White "Drtina, Milan"]
[Black "Franzen, Josef"]
[Result "1-0"]
[WhiteElo "2285"]
[BlackElo "2360"]

1.e4 c5 2.Nf3 e6 3.d4 cxd4 4.Nxd4 Nc6 5.Nc3 d6 6.Be2 Nf6 7.O-O Be7 8.Kh1 O-O
9.f4 Bd7 10.Be3 Qc7 11.Bf3 a6 12.g4 Nxd4 13.Bxd4 e5 14.Bf2 Bc6 15.f5 h6 16.Rg1 d5
17.Nxd5 Bxd5 18.exd5 e4 19.Be2 Rfc8 20.a4 Bc5 21.Bxc5 Qxc5 22.g5 hxg5 23.Rxg5 Qe3
24.Qg1 Qxg1+ 25.Raxg1 Ne8 26.Rf1 Rd8 27.Rg3 Rd6 28.Rb3 b6 29.Ra3 a5 30.b4 axb4
31.Rb3 b5 32.axb5 Rxd5 33.Rxb4 Rd2 34.Re1 Rxc2 35.b6 Rd8 36.Bc4 Rcd2 37.b7 Rb8
38.Bd5 Nd6 39.Ra1 Nxb7 40.Bxe4 Re2 41.Rxb7 Rd8 42.Rb4 Re8 43.Bf3 Rf2 44.Ra8 Kf8
45.Rxe8+ Kxe8 46.Re4+ Kf8 47.Re3 Rc2 48.h3 Rc5 49.Bg4 Rc6 50.Kg2 g6 51.fxg6 Rxg6
52.Kg3 Kg7 53.Kf4 Ra6 54.Kg5 Rg6+ 55.Kf4 Ra6 56.Bf5 Ra4+ 57.Be4 Ra1 58.Rg3+ Kf6
59.h4 Ra5 60.Rg5 Ra1 61.Rb5 Ra6 62.h5 Kg7 63.Kg5 Rd6 64.Rb7 Re6 65.Bg6 Ra6
66.Rxf7+ Kg8 67.Rc7 Ra8 68.Kh6 Rf8 69.Re7 Kh8 70.Bf7  1-0

[Event "SVK-ch"]
[Site "Detva"]
[Date "1977.??.??"]
[Round "13"]
[White "Franzen, Josef"]
[Black "Harasta, Vladimir"]
[Result "1-0"]
[WhiteElo "2360"]
[BlackElo "2180"]

1.e4 c5 2.Nf3 e6 3.d4 cxd4 4.Nxd4 Nc6 5.Nc3 d6 6.Be3 Nf6 7.Bc4 Be7 8.Qe2 Qc7
9.O-O-O a6 10.Bb3 Na5 11.g4 b5 12.g5 Nxb3+ 13.axb3 Nd7 14.h4 Bb7 15.h5 b4
16.Na4 Bxe4 17.f3 Bd5 18.Kb1 Rc8 19.Nf5 Ne5 20.Rxd5 exf5 21.f4 Ng4 22.Bb6 Qb7
23.Re1 O-O 24.Rxf5 Qd7 25.Qxg4 g6 26.hxg6 hxg6 27.Qh4  1-0

[Event "DDR-ch 26th"]
[Site "Frankfurt/Oder"]
[Date "1977.??.??"]
[Round "5"]
[White "Schurade, Matthias"]
[Black "Liebert, Heinz"]
[Result "0-1"]
[WhiteElo "2195"]
[BlackElo "2405"]

1.e4 c5 2.Nf3 Nc6 3.d4 cxd4 4.Nxd4 e6 5.Nc3 a6 6.g3 Qc7 7.Bg2 Nf6 8.O-O Be7
9.Re1 Nxd4 10.Qxd4 Bc5 11.Qd1 d6 12.Bg5 Nd7 13.Bf4 Ne5 14.Na4 Ba7 15.b3 O-O
16.Rc1 Bd7 17.Nb2 Rfd8 18.c4 Be8 19.Qd2 Ng4 20.Nd1 Rac8 21.h3 Ne5 22.Bg5 f6
23.Be3 b5 24.f4 Nc6 25.Kh2 Qb8 26.Bf1 Bc5 27.Nc3 b4 28.Na4 e5 29.Bg2 Nd4
30.Nb2 a5 31.Nd3 Bc6 32.Rb1 Qb6 33.Nc1 Ra8 34.Bxd4 Bxd4 35.Ne2 Bc5 36.Rf1 Qb7
37.g4 Bxe4 38.Bxe4 Qxe4 39.Ng3 Qb7 40.g5 fxg5 41.fxe5 dxe5 42.Qxg5 h6 43.Qc1 Rd3
44.Qc2 Rad8 45.Rbd1 e4  0-1

[Event "DDR-ch 26th"]
[Site "Frankfurt/Oder"]
[Date "1977.??.??"]
[Round "7"]
[White "Postler, Reinhard"]
[Black "Liebert, Heinz"]
[Result "0-1"]
[WhiteElo "2305"]
[BlackElo "2405"]

1.e4 c5 2.Nf3 Nc6 3.d4 cxd4 4.Nxd4 e6 5.Nc3 a6 6.Be2 Nge7 7.Nb3 Ng6 8.O-O b5
9.a3 Be7 10.f4 O-O 11.Be3 d6 12.Qe1 Kh8 13.Rd1 Qc7 14.Qf2 Bd7 15.Bg4 Rab8
16.Bh3 Bf6 17.Qd2 b4 18.axb4 Nxb4 19.e5 dxe5 20.f5 Nxc2 21.Qxc2 Ba4 22.fxg6 Bxb3
23.Qe2 Bxd1 24.Nxd1 hxg6 25.Qxa6 Be7 26.Kh1 Bd6 27.Qe2 f5 28.g3 e4 29.Bd4 Rfd8
30.Qe3 Be5 31.Bc3 Qd6 32.Re1 Bxc3 33.bxc3 Qxd1 34.Rxd1 Rxd1+ 35.Bf1 Rxf1+
36.Kg2 Rd1 37.Qe2 Rdb1  0-1

[Event "DDR-ch 26th"]
[Site "Frankfurt/Oder"]
[Date "1977.??.??"]
[Round "9"]
[White "Vogt, Lothar"]
[Black "Moehring, Guenther"]
[Result "1-0"]
[WhiteElo "2485"]
[BlackElo "2400"]

1.e4 c5 2.Nf3 e6 3.d4 cxd4 4.Nxd4 Nc6 5.Nc3 d6 6.Be2 Be7 7.Be3 Nf6 8.f4 O-O
9.O-O Bd7 10.Qe1 Nxd4 11.Bxd4 Bc6 12.Qg3 g6 13.f5 e5 14.Be3 Nxe4 15.Nxe4 Bxe4
16.Bh6 Qb6+ 17.Kh1 Qxb2 18.Bxf8 Rxf8 19.Bd3 Bxd3 20.cxd3 Qd4 21.Rac1 b5 22.f6 Bd8
23.Qg5 Qxd3 24.Qh6 Bxf6 25.Rxf6 e4 26.Qf4 d5 27.Rf1 e3 28.Rxf7 Qxf1+ 29.Qxf1 Rxf7
30.Qxb5 Re7 31.Qxd5+ Kf8 32.Qf3+ Rf7 33.Qd1 Re7 34.Qe2 Kf7 35.g4 Kg7 36.g5 Kf7
37.Kg2 Ke8 38.Qb5+ Kf7 39.Kf1 e2+ 40.Ke1 Kf8 41.h4  1-0

[Event "DDR-ch 26th"]
[Site "Frankfurt/Oder"]
[Date "1977.??.??"]
[Round "10"]
[White "Espig, Lutz"]
[Black "Liebert, Heinz"]
[Result "1/2-1/2"]
[WhiteElo "2420"]
[BlackElo "2405"]

1.e4 c5 2.Nf3 Nc6 3.d4 cxd4 4.Nxd4 e6 5.Nc3 a6 6.Be3 Qc7 7.Bd3 Nf6 8.O-O Bd6
9.h3 O-O 10.Qd2 Nxd4 11.Bxd4 e5 12.Be3 Bb4 13.f4 d5 14.fxe5 Qxe5 15.Bf4 Qd4+
16.Be3 Qe5 17.Bf4 Qd4+ 18.Be3  1/2-1/2

[Event "DDR-ch 26th"]
[Site "Frankfurt/Oder"]
[Date "1977.??.??"]
[Round "12"]
[White "Grottke, Hans Joachim"]
[Black "Liebert, Heinz"]
[Result "1/2-1/2"]
[WhiteElo "2250"]
[BlackElo "2405"]

1.e4 c5 2.Nf3 e6 3.d4 cxd4 4.Nxd4 Nc6 5.Nc3 Qc7 6.g3 a6 7.Bg2 Nf6 8.O-O Be7
9.Re1 Nxd4 10.Qxd4 Bc5 11.Bf4 d6 12.Qd1 O-O 13.e5 Ne8 14.Qd2 dxe5 15.Bxe5 Bd6
16.Qe3 Bd7 17.Rad1 Bxe5 18.Qxe5 Rc8  1/2-1/2

[Event "DDR-ch 26th"]
[Site "Frankfurt/Oder"]
[Date "1977.??.??"]
[Round "13"]
[White "Espig, Lutz"]
[Black "Dietze, Wolfgang"]
[Result "1-0"]
[WhiteElo "2420"]
[BlackElo "2360"]

1.e4 c5 2.Nf3 e6 3.d4 cxd4 4.Nxd4 Nc6 5.Nc3 d6 6.Be3 Nf6 7.Bc4 a6 8.Qe2 Qc7
9.Bb3 Bd7 10.O-O-O O-O-O 11.g4 Kb8 12.g5 Ne8 13.f4 Qa5 14.Qf2 Qc7 15.Nxc6+ Qxc6
16.Bb6 Be7 17.Ba4 Qc8 18.Bxd8 Bxd8 19.Bxd7 Qxd7 20.h4 Qc6 21.f5 Ba5 22.Rh3 h6
23.g6 fxg6 24.fxe6 Nf6 25.Qf4 Re8 26.Rxd6 Bc7 27.e5 Nh5 28.Qf7  1-0

[Event "Wch U20"]
[Site "Groningen"]
[Date "1977.??.??"]
[Round "5"]
[White "Sisniega, Marcel"]
[Black "Ammann, Philipp"]
[Result "0-1"]
[WhiteElo "2345"]
[BlackElo "2230"]

1.e4 c5 2.Nf3 e6 3.d4 cxd4 4.Nxd4 Nc6 5.Nc3 Qc7 6.Be2 a6 7.Be3 Nf6 8.O-O Bb4
9.Na4 O-O 10.Nxc6 bxc6 11.f4 Be7 12.Bd3 c5 13.c4 d6 14.Nc3 Bb7 15.Rf3 Rad8
16.Rh3 Rfe8 17.e5 dxe5 18.Bxh7+ Kf8 19.Qf1 Nxh7 20.Rxh7 Kg8 21.Rh5 exf4 22.Bxf4 Qc6
23.Re1 Rd4 24.Re2 Rxc4 25.Rf2 Rd4 26.Rh3 Red8 27.Qb1 Bf6 28.Be3 Rd3 29.Qc2 Bxc3
30.bxc3 Qe4 31.Qe2 Rd1+ 32.Rf1 R8d2 33.Rh8+ Kxh8 34.Qh5+ Qh7 35.Qxh7+ Kxh7
36.Bxd2 Rxd2  0-1

[Event "Wch U20"]
[Site "Groningen"]
[Date "1977.??.??"]
[Round "7"]
[White "Leow Leslie M"]
[Black "Ammann, Philipp"]
[Result "1-0"]
[WhiteElo "2280"]
[BlackElo "2230"]

1.e4 c5 2.Nf3 e6 3.d4 cxd4 4.Nxd4 Nc6 5.Nc3 Qc7 6.g3 a6 7.Bg2 Nf6 8.O-O d6
9.Re1 Bd7 10.Nxc6 bxc6 11.Na4 Rc8 12.c4 c5 13.Nc3 Be7 14.f4 h5 15.b3 Bc6
16.Bb2 Nd7 17.Qd3 Bf6 18.Nd1 Bxb2 19.Nxb2 Nb8 20.Rad1 Rd8 21.Qc3 f6 22.e5 Bxg2
23.Kxg2 O-O 24.exd6 Rxd6 25.Rxd6 Qxd6 26.Rd1 Qc6+ 27.Qf3 Kf7 28.Qxc6 Nxc6
29.Na4 Nb4 30.Rd7+ Kg6 31.Nxc5 Rc8 32.Nxe6 Nxa2 33.Rxg7+ Kf5 34.Re7  1-0

[Event "Concordia"]
[Site "Hamburg"]
[Date "1977.??.??"]
[Round "3"]
[White "Popovych, Orest"]
[Black "Kirov, Nino"]
[Result "0-1"]
[WhiteElo "2370"]
[BlackElo "2435"]

1.e4 c5 2.Nf3 e6 3.d4 cxd4 4.Nxd4 Nc6 5.Nc3 a6 6.Be2 d6 7.Be3 Bd7 8.a4 Nf6
9.f4 Be7 10.Nb3 b6 11.O-O O-O 12.Bf3 Qc7 13.g4 Bc8 14.g5 Nd7 15.Bg2 Re8 16.Rf3 Bf8
17.Rh3 g6 18.Qe1 Bg7 19.Qh4 Nf8 20.e5 dxe5 21.fxe5 Bb7 22.Rf1 Ne7 23.Bxb7 Qxb7
24.Ne4 Nf5 25.Rxf5 exf5 26.Nf6+ Bxf6 27.gxf6 h5 28.Qg5 Rad8 29.Qh6 Rd1+ 30.Kf2 Ne6
31.Rg3 f4 32.Rxg6+ fxg6 33.Qxg6+ Kf8 34.Qh6+ Kg8 35.Qg6+ Ng7 36.Bxf4 Qf7
37.Qg5 Rd7 38.Nd2 Kf8 39.Qh6 Kg8 40.fxg7 Qxg7 41.Ne4 Qxh6 42.Bxh6 Rc7 43.Nf6+  0-1

[Event "Concordia"]
[Site "Hamburg"]
[Date "1977.??.??"]
[Round "5"]
[White "Bednarski, Jacek B"]
[Black "Kirov, Nino"]
[Result "0-1"]
[WhiteElo "2400"]
[BlackElo "2435"]

1.e4 c5 2.Nf3 Nc6 3.d4 cxd4 4.Nxd4 e6 5.Nc3 a6 6.Be2 Qc7 7.O-O Nf6 8.Be3 Bb4
9.Na4 O-O 10.Nxc6 bxc6 11.Nb6 Rb8 12.Nxc8 Rfxc8 13.Bxa6 Rf8 14.Bd3 Bd6 15.f4 e5
16.f5 Rxb2 17.g4 h6 18.h4 Nd5 19.exd5 e4 20.Bxe4 Re8 21.Qd3 cxd5 22.Qxd5 Re5
23.Qd3 Rb4 24.Rf4 Re8 25.Raf1 Bxf4 26.Rxf4 Rexe4 27.Rxe4 Qg3+  0-1

[Event "Hastings7778"]
[Site "Hastings"]
[Date "1977.??.??"]
[Round "10"]
[White "Mestel, A Jonathan"]
[Black "Sveshnikov, Evgeny"]
[Result "1/2-1/2"]
[WhiteElo "2420"]
[BlackElo "2520"]

1.e4 c5 2.Nf3 e6 3.d4 cxd4 4.Nxd4 Nc6 5.Nc3 Nf6 6.g3 d5 7.Bg2 Bb4 8.exd5 Nxd5
9.O-O Bxc3 10.bxc3 Nxc3 11.Bxc6+ bxc6 12.Qf3 Qxd4 13.Qxc6+ Qd7 14.Qxc3 O-O
15.Bb2 f6 16.Rfd1 Qf7 17.Ba3 Re8 18.Qc6 Rb8 19.Rab1 Bb7 20.Qb5 a6 21.Qb6 Bf3
22.Qxb8 Bxd1 23.Bd6 Bxc2 24.Qxe8+ Qxe8 25.Rb8 Qxb8 26.Bxb8 Kf7 27.f4 Kg6
28.Kf2 Kf5 29.Bd6 g5 30.Ke3 h6 31.Bf8 h5 32.Be7 h4 33.Bd8  1/2-1/2

[Event "Lublin"]
[Site "Lublin"]
[Date "1977.??.??"]
[Round "3"]
[White "Sznapik, Aleksander"]
[Black "Radev, Nikolai"]
[Result "1/2-1/2"]
[WhiteElo "2405"]
[BlackElo "2430"]

1.e4 c5 2.Nf3 e6 3.d4 cxd4 4.Nxd4 Nc6 5.Nc3 a6 6.Be2 Qc7 7.O-O Nf6 8.Be3 Bb4
9.Nxc6 bxc6 10.Na4 Rb8 11.c4 Bd6 12.f4 Nxe4 13.c5 Be7 14.Bd3 Nf6 15.Bd4 d6
16.Rc1 dxc5 17.Nxc5 Rb4 18.Nxa6 Bxa6 19.Bxa6 O-O 20.a3 Rb6 21.Bd3 Rbb8 22.Be5 Qb6+
23.Kh1 Rbd8 24.Qf3 c5 25.Bb1 g6 26.b4 cxb4 27.Bc7 Qa7 28.Bxd8 Rxd8 29.axb4 Bxb4
30.Rfd1 Rxd1+ 31.Rxd1 Qa3 32.Qxa3 Bxa3 33.g3 h5 34.Kg2 Kg7 35.Kf3 Bb2 36.Ba2 Ba3
37.Rd8 Bc5 38.Rb8 Bg1 39.h3 Bd4 40.Rb7 Kf8 41.Bb3 Bc5 42.g4 hxg4+ 43.hxg4 Bd4
44.Ba4 Bc3 45.Bc6 Bd2 46.Rb2 Bc3 47.Rb8+ Kg7 48.Rb7 Kf8 49.Rb1 Kg7 50.Kg3 Bd4
51.Rc1 Kf8 52.Rc4 Bb6 53.Bf3 Be3 54.Kg2 Ke7 55.Kf1 Nd5 56.Ke2 Bg1 57.Bxd5 exd5
58.Rc6 Bd4 59.Kf3 Bb2 60.Rc2 Ba1 61.Ra2 Bc3 62.Ke3 Ke6 63.Kd3 Bg7 64.Ra6+ Ke7
65.Kc2 Bd4 66.Kb3 Be3 67.f5 gxf5 68.gxf5 Bd4 69.Kb4 Be5 70.Kc5 d4 71.Kd5 Bg7
72.Ra7+ Kf6 73.Ke4 Bh6 74.Ra6+ Kg7 75.Kxd4 Bg5 76.Ke5 Bh4 77.Ra3 Bf6+ 78.Ke4 Bg5
79.Ra6 Bh4 80.Rc6 Bg5 81.Kd5 Bh4 82.Kc5 Bf2+ 83.Kb5 Bd4 84.Ka6 Bf6 85.Kb7 Bh4
86.Kc8 Be7 87.Kd7 Bh4 88.Ke8 Bg5 89.Ra6 Bh4  1/2-1/2

[Event "Lublin"]
[Site "Lublin"]
[Date "1977.??.??"]
[Round "3"]
[White "Zinn, Lothar"]
[Black "Witkowski, Stefan"]
[Result "0-1"]
[WhiteElo "2365"]
[BlackElo "2340"]

1.e4 c5 2.Nc3 e6 3.Nge2 Nc6 4.d4 cxd4 5.Nxd4 Nf6 6.g3 Bb4 7.Bg2 d5 8.Bg5 h6
9.Bxf6 Qxf6 10.Nb5 d4 11.Nc7+ Ke7 12.a3 dxc3 13.axb4 cxb2 14.Ra3 Rd8 15.Qb1 Rb8
16.O-O a6 17.b5 Nd4 18.f4 Ne2+ 19.Kh1 Qd4 20.Rb3 Qb6 21.Qe1 Qxc7 22.Qxe2 Bd7
23.c4 Rbc8 24.Rb4 axb5 25.cxb5 Qc2 26.Qe3 Be8 27.Qa3 Qc5 28.Qxb2 Qc3 29.e5 Qxb2
30.Rxb2 b6 31.Ra1 Rc5 32.Bf1 f6 33.Ra6 fxe5 34.Rxb6 exf4 35.gxf4 Rd4 36.Rb7+ Kf6
37.Rb8 Bg6 38.Kg2 Be4+ 39.Kf2 Bd5 40.Bg2 Bxg2 41.Kxg2 Rxf4 42.b6 Rg5+ 43.Kh3 Rf3+
44.Kh4 Kg6  0-1

[Event "Lublin"]
[Site "Lublin"]
[Date "1977.??.??"]
[Round "7"]
[White "Radev, Nikolai"]
[Black "Doda, Zbigniew"]
[Result "0-1"]
[WhiteElo "2430"]
[BlackElo "2375"]

1.e4 c5 2.Nf3 e6 3.d4 cxd4 4.Nxd4 Nc6 5.Nc3 a6 6.g3 d6 7.Bg2 Bd7 8.O-O Nf6
9.Nxc6 Bxc6 10.Re1 Be7 11.a4 O-O 12.a5 Qc7 13.Be3 Nd7 14.Qd2 Rfc8 15.Bd4 b5
16.Nd5 Bxd5 17.exd5 e5 18.Bc3 Rf8 19.Bh3 Rfe8 20.Bxd7 Qxd7 21.f4 Bf6 22.fxe5 Bxe5
23.Bxe5 dxe5 24.Rad1 Qd6 25.Qc3 f6 26.Qc6 Rad8 27.b3 b4 28.Rd3  0-1

[Event "Montilla"]
[Site "Montilla"]
[Date "1977.??.??"]
[Round "1"]
[White "Martin Gonzalez, Angel"]
[Black "Taimanov, Mark E"]
[Result "0-1"]
[WhiteElo "2340"]
[BlackElo "2530"]

1.e4 c5 2.Nf3 Nc6 3.d4 cxd4 4.Nxd4 e6 5.Nc3 a6 6.Be2 Nge7 7.Be3 Nxd4 8.Qxd4 b5
9.f4 Nc6 10.Qd2 Be7 11.O-O-O Qa5 12.e5 b4 13.Ne4 Qxa2 14.Nd6+ Bxd6 15.Qxd6 Qa1+
16.Kd2 Qxb2 17.Bc5 Qc3+ 18.Kc1 b3 19.Bd3 Rb8 20.Rhe1 Rb5 21.Ba3 Nb4 22.Re2 b2+  0-1

[Event "Montilla"]
[Site "Montilla"]
[Date "1977.??.??"]
[Round "8"]
[White "Martin Gonzalez, Angel"]
[Black "Kavalek, Lubomir"]
[Result "0-1"]
[WhiteElo "2340"]
[BlackElo "2545"]

1.e4 c5 2.Nf3 Nc6 3.d4 cxd4 4.Nxd4 e6 5.Nc3 a6 6.Be2 d6 7.Be3 Nf6 8.O-O Be7
9.f4 O-O 10.Qe1 Nxd4 11.Bxd4 b5 12.Bf3 Bb7 13.Rd1 Qc7 14.e5 Ne8 15.Bxb7 Qxb7
16.Ne4 d5 17.Ng5 h6 18.Nf3 Rc8 19.Rd2 b4 20.Qg3 Nc7 21.Be3 Nb5 22.Kh1 Rc6
23.Qh3 Qc8 24.Rff2 Rd8 25.g4 d4 26.Nxd4 Nxd4 27.Bxd4 Rxd4 28.Rxd4 Bc5 29.Qd3 Bxd4
30.Qxd4 Rxc2 31.Rxc2 Qxc2 32.Qxb4 Qd1+ 33.Kg2 Qxg4+ 34.Kf2 Qh3 35.Kg1 Qe3+
36.Kg2 h5 37.Qb8+ Kh7 38.Qb7 Qxf4 39.Qxa6 Qd2+ 40.Kh3 Qxb2 41.Qd3+ Kh6 42.Qe3+ g5  0-1

[Event "Marshall CC"]
[Site "New York"]
[Date "1977.??.??"]
[Round "?"]
[White "Rohde, Michael A"]
[Black "Kaimo, Roberto E"]
[Result "1-0"]
[WhiteElo "2380"]
[BlackElo "2355"]

1.e4 c5 2.Nf3 e6 3.d4 cxd4 4.Nxd4 Nc6 5.Nc3 d6 6.Be2 Nf6 7.O-O Be7 8.Be3 O-O
9.f4 Qc7 10.Qe1 a6 11.Qg3 Bd7 12.Kh1 b5 13.e5 dxe5 14.fxe5 Ne8 15.Ne4 Nxd4
16.Bxd4 Bc6 17.Bd3 Rd8 18.c3 Bxe4 19.Bxe4 g6 20.Qe3 Rd7 21.Rf3 f5 22.exf6 Bxf6
23.Raf1 Rdf7 24.Bb6 Qd7 25.Bc2 Be7 26.Bb3 Ng7 27.Rxf7 Rxf7 28.Re1 Kf8 29.Kg1 Rf6
30.Qh6 Qc6 31.Bd4 Bc5 32.Qxh7 Bxd4+ 33.cxd4 Qd6 34.Qh4 Rf4 35.Qh8+ Kf7 36.d5 Qc5+
37.Kh1 Qf2 38.dxe6+ Kf6 39.Qd8+ Kf5 40.Qd3+ Kf6 41.Qc3+ Kg5 42.Qg3+ Qxg3
43.hxg3 Rf5 44.e7 Ne8 45.Be6 Rf2 46.Re5+ Kh6 47.g4  1-0

[Event "Rubinstein mem"]
[Site "Polanica Zdroj"]
[Date "1977.??.??"]
[Round "10"]
[White "Kuzmin, Gennadi P"]
[Black "Kirov, Nino"]
[Result "1/2-1/2"]
[WhiteElo "2550"]
[BlackElo "2435"]

1.e4 c5 2.Nf3 e6 3.d4 cxd4 4.Nxd4 Nc6 5.Nc3 a6 6.Be2 d6 7.O-O Nf6 8.Be3 Bd7
9.f4 Be7 10.Qe1 b5 11.Nxc6 Bxc6 12.e5 Nd5 13.Bf3 O-O 14.Nxd5 Bxd5 15.Bxd5 exd5
16.Rd1 dxe5 17.fxe5 Qc7  1/2-1/2

[Event "Rimavska Sobota"]
[Site "Rimavska Sobota"]
[Date "1977.??.??"]
[Round "5"]
[White "Banas, Jan"]
[Black "Liebert, Heinz"]
[Result "1/2-1/2"]
[WhiteElo "2355"]
[BlackElo "2435"]

1.e4 c5 2.Nf3 Nc6 3.d4 cxd4 4.Nxd4 e6 5.Nc3 a6 6.g3 Nxd4 7.Qxd4 Ne7 8.Bg2 Nc6
9.Qd3 d6 10.O-O Be7 11.Be3 Rb8 12.a4 O-O 13.f4 Bd7 14.Rad1 Qc7 15.g4 Nb4
16.Qd2 d5 17.g5 Bc6 18.exd5 Nxd5 19.Nxd5 Bxd5 20.Bxd5 exd5 21.c3  1/2-1/2

[Event "Rimavska Sobota"]
[Site "Rimavska Sobota"]
[Date "1977.??.??"]
[Round "9"]
[White "Tepper, M."]
[Black "Liebert, Heinz"]
[Result "1-0"]
[WhiteElo "2200"]
[BlackElo "2435"]

1.e4 c5 2.Nf3 Nc6 3.Nc3 e6 4.d4 cxd4 5.Nxd4 a6 6.a3 Qc7 7.Be2 Nf6 8.Be3 d6
9.Nxc6 bxc6 10.O-O Be7 11.f4 O-O 12.Kh1 Rb8 13.e5 dxe5 14.fxe5 Nd7 15.Bf4 Rxb2
16.Bd3 g6 17.Qe2 Rb8 18.Rf3 a5 19.Rh3 Nc5 20.Bc4 Rd8 21.Rf1 Rd4 22.Be3 Rxc4
23.Qxc4 Ba6 24.Qf4 Bxf1 25.Qh6 Qxe5 26.Qxh7+ Kf8 27.Bf4 Rb1 28.Bxe5  1-0

[Event "Santos Lugares"]
[Site "Santos Lugares"]
[Date "1977.??.??"]
[Round "5"]
[White "Szmetan, Jorge"]
[Black "Balduzzi, Reynaldo"]
[Result "0-1"]
[WhiteElo "2435"]
[BlackElo "2200"]

1.e4 c5 2.Nf3 e6 3.d4 cxd4 4.Nxd4 Nc6 5.Nc3 Qc7 6.g3 a6 7.Bg2 Nf6 8.O-O Be7
9.Re1 Nxd4 10.Qxd4 Bc5 11.Qd1 d6 12.Bf4 Qb6 13.Na4 Bxf2+ 14.Kf1 Qa7 15.Bxd6 Bd7
16.Nc3 Bxe1 17.Qxe1 Ng4 18.Bf3 Ne3+ 19.Ke2 Nxc2 20.Qc1 Nd4+  0-1

[Event "Santos Lugares"]
[Site "Santos Lugares"]
[Date "1977.??.??"]
[Round "7"]
[White "Castelli, Raul"]
[Black "Sanguineti, Raul"]
[Result "0-1"]
[WhiteElo "2200"]
[BlackElo "2520"]

1.e4 c5 2.Nf3 Nc6 3.d4 cxd4 4.Nxd4 e6 5.Nc3 d6 6.Be3 a6 7.f4 d5 8.exd5 exd5
9.Be2 Nf6 10.O-O Bd6 11.Bf3 Ne7 12.Qd3 Bg4 13.h3 Bxf3 14.Rxf3 O-O 15.Nf5 Nxf5
16.Qxf5 Rc8 17.Rd1 Bc5 18.Bxc5 Rxc5 19.Rfd3 g6 20.Qg5 Qe7 21.Qe5 Re8 22.Qxe7 Rxe7
23.g4 Kg7 24.Kg2 Ne4 25.Nxe4 dxe4 26.R3d2 h5 27.c3 hxg4 28.hxg4 f5 29.Rd5 Rxd5
30.Rxd5 e3 31.Rd1 fxg4 32.Kg3 Kf6 33.Kxg4 e2 34.Re1 Re3 35.c4 Re4 36.c5 g5
37.Kg3 gxf4+ 38.Kf3 Ke5 39.b4 Re3+ 40.Kf2 Kd4 41.Rxe2 Rxe2+ 42.Kxe2 Kc4 43.Kf3 Kxb4
44.Kxf4 Kxc5 45.Ke3 Kb4  0-1